000 01281nam a2200325 a 4500
001 ebr10494529
003 CaPaEBR
006 m u
007 cr cn|||||||||
008 110818s2011 inua s 001 0 eng d
010 _z 2011936905
020 _z1118034961 (pbk : alk. paper)
020 _z9781118170472 (e-book)
020 _z9781118034965
020 _z9781118170458 (e-book)
040 _aCaPaEBR
_cCaPaEBR
035 _a(OCoLC)759396219
050 1 4 _aP93.52
_b.K37 2011eb
100 1 _aKapterev, Alexei.
245 1 0 _aPresentation secrets
_h[electronic resource] :
_bdo what you never thought possible with your presentations /
_cAlexei Kapterev.
260 _aIndianapolis :
_bWiley,
_c2011.
300 _axv, 288 p. :
_bcol. ill. cm.
500 _aIncludes index.
505 0 _apt. 1. Story -- pt. 2. Slides -- pt. 3. Delivery.
533 _aElectronic reproduction.
_bPalo Alto, Calif. :
_cebrary,
_d2011.
_nAvailable via World Wide Web.
_nAccess may be limited to ebrary affiliated libraries.
650 0 _aPresentation graphics software.
655 7 _aElectronic books.
_2local
710 2 _aebrary, Inc.
856 4 0 _uhttp://site.ebrary.com/lib/rucke/Doc?id=10494529
_zAn electronic book accessible through the World Wide Web; click to view
999 _c129878
_d129878